[Event "Regionalliga SO 1617"]
[Site "Bayern"]
[Date "2017.02.19"]
[Round "6.8"]
[White "Saveljev, Juri"]
[Black "Bergerhoff, Andreas"]
[Result "0-1"]
[WhiteElo "1775"]
[BlackElo "1991"]
[PlyCount "82"]
[EventDate "2016.10.16"]
[EventType "team-tourn"]
[EventRounds "9"]
[EventCountry "GER"]
[SourceTitle "EXT 2019"]
[Source "ChessBase"]
[SourceDate "2018.10.10"]
[SourceVersion "1"]
[SourceVersionDate "2018.10.10"]
[SourceQuality "1"]
[WhiteTeam "Tegernsee"]
[BlackTeam "Bruckmuehl"]
[WhiteTeamCountry "GER"]
[BlackTeamCountry "GER"]

1. e4 c5 2. Nc3 Nc6 3. Nf3 e6 4. d4 cxd4 5. Nxd4 Qc7 6. Nxc6 bxc6 7. Bd3 Nf6 8. 0-0 d5 9. Re1 Bd6 10. h3 h5 11. exd5 cxd5 12. Bg5 Bh2+ 13. Kf1 Bb7 14. Bb5+ Kf8 15. Qd4 e5 16. Qb4+ Kg8 17. Bxf6 gxf6 18. Qh4 a6 19. Be2 Bf4 20. Qxf6 d4 21. Nd1 Rh6 22. Qf5 Rg6 23. Bf3 Bxf3 24. gxf3 Rc8 25. Qd3 Qxc2 26. Qxc2 Rxc2 27. Re2 Rc8 28. b3 Bh2 29. Rb2 Rg1+ 30. Ke2 Bf4 31. a4 f5 32. b4 e4 33. fxe4 fxe4 34. f3 Rg2+ 35. Kf1 Rxb2 36. Nxb2 Rc2 37. Rb1 Bc1 38. Nd1 e3 39. Ke1 d3 40. b5 Bd2+ 41. Kf1 e2+ 0-1

[Event "Regionalliga SO 1415"]
[Site "Bayern"]
[Date "2014.10.19"]
[Round "1.8"]
[White "Guenes, Erdogan"]
[Black "Saveljev, Juri"]
[Result "1-0"]
[WhiteElo "1970"]
[BlackElo "1741"]
[PlyCount "65"]
[EventDate "2014.10.19"]
[EventType "team-tourn"]
[EventRounds "9"]
[EventCountry "GER"]
[SourceTitle "EXT 2018"]
[Source "ChessBase"]
[SourceDate "2017.10.13"]
[SourceVersion "1"]
[SourceVersionDate "2017.10.13"]
[SourceQuality "1"]
[WhiteTeam "Waldkraiburg"]
[BlackTeam "Tegernsee"]
[WhiteTeamCountry "GER"]
[BlackTeamCountry "GER"]

1. e4 c5 2. c4 Nc6 3. f4 d6 4. Nc3 g6 5. Nf3 Bg7 6. h3 e5 7. d3 Nd4 8. g3 exf4 9. Bxf4 Ne6 10. Be3 Qa5 11. Bd2 Qd8 12. Bg2 Ne7 13. 0-0 Nc6 14. Rb1 0-0 15. a3 Ncd4 16. b4 Nxf3+ 17. Bxf3 Ng5 18. h4 Nxf3+ 19. Qxf3 Bh3 20. Rfe1 Qd7 21. bxc5 dxc5 22. Nd5 f6 23. Bc3 f5 24. e5 Rae8 25. Rxb7 Qd8 26. Rxg7+ Kxg7 27. e6+ Kh6 28. e7 Qd6 29. exf8Q+ Rxf8 30. Re6 Qb8 31. Bd2+ f4 32. Bxf4+ Rxf4 33. Qxf4+ 1-0

[Event "Regionalliga SO 1314"]
[Site "Bayern"]
[Date "2014.03.16"]
[Round "8.8"]
[White "Saveljev, Juri"]
[Black "Mertz, Waldemar"]
[Result "1-0"]
[WhiteElo "1763"]
[BlackElo "1814"]
[PlyCount "75"]
[EventDate "2013.10.13"]
[EventType "team-tourn"]
[EventRounds "9"]
[EventCountry "GER"]
[SourceTitle "EXT 2015"]
[Source "ChessBase"]
[SourceDate "2014.11.20"]
[SourceVersion "1"]
[SourceVersionDate "2014.11.20"]
[SourceQuality "1"]
[WhiteTeam "Tegernsee"]
[BlackTeam "Waldkraiburg"]
[WhiteTeamCountry "GER"]
[BlackTeamCountry "GER"]

1. e4 e5 2. Nf3 Nc6 3. d4 exd4 4. Nxd4 Bc5 5. Be3 Bxd4 6. Bxd4 Nxd4 7. Qxd4 Qf6 8. c3 d6 9. Nd2 c5 10. Qd3 Ke7 11. Nc4 Nh6 12. Rd1 Rd8 13. Be2 Qg6 14. 0-0 b5 15. Na5 Bd7 16. Nb7 c4 17. Qxd6+ Qxd6 18. Nxd6 Bc6 19. e5 f6 20. f4 fxe5 21. fxe5 Ke6 22. Rfe1 Rf8 23. Nxc4 bxc4 24. Rd6+ Kxe5 25. Rxc6 Kd5 26. Rxc4 Rab8 27. b3 Nf5 28. Ra4 Rbc8 29. Bc4+ Kd6 30. Ra6+ Kc7 31. Rxa7+ Kb6 32. Ra6+ Kb7 33. Ra5 Rc7 34. Rf1 g6 35. g4 Kb6 36. Rb5+ Ka6 37. Rbxf5+ Rxc4 38. Rxf8 1-0

[Event "Regionalliga SO 1314"]
[Site "Bayern"]
[Date "2014.02.23"]
[Round "7.7"]
[White "Saveljev, Juri"]
[Black "Weidlich, Dietmar"]
[Result "0-1"]
[WhiteElo "1763"]
[BlackElo "1658"]
[PlyCount "83"]
[EventDate "2013.10.13"]
[EventType "team-tourn"]
[EventRounds "9"]
[EventCountry "GER"]
[SourceTitle "EXT 2015"]
[Source "ChessBase"]
[SourceDate "2014.11.20"]
[SourceVersion "1"]
[SourceVersionDate "2014.11.20"]
[SourceQuality "1"]
[WhiteTeam "Tegernsee"]
[BlackTeam "Landau Dingolfing"]
[WhiteTeamCountry "GER"]
[BlackTeamCountry "GER"]

1. e4 Nc6 2. Nf3 Nf6 3. Nc3 d5 4. e5 d4 5. exf6 dxc3 6. bxc3 gxf6 7. Rb1 Bg7 8. Ba3 0-0 9. d4 Qd5 10. Rb2 b6 11. Be2 Bg4 12. 0-0 Rfe8 13. h3 Bd7 14. Bd3 Rad8 15. Re1 Qa5 16. Bb4 Nxb4 17. cxb4 Qh5 18. Re4 Bc6 19. Rh4 Bxf3 20. Rxh5 Bxd1 21. Bxh7+ Kf8 22. Rh4 e5 23. c3 exd4 24. cxd4 Re1+ 25. Kh2 Rde8 26. Bd3 Be2 27. Be4 Bf1 28. Bf3 Bd3 29. Rd2 Be4 30. Bd1 f5 31. f3 Bb7 32. Rh5 Bc8 33. g4 fxg4 34. hxg4 Rd8 35. d5 Ba6 36. Kg2 Bc3 37. Rc2 Rxd1 38. Rxc3 Rd7 39. a4 Bb7 40. Re5 R1xd5 41. Ree3 Rd4 42. Rb3 0-1

[Event "Regionalliga SO 1314"]
[Site "Bayern"]
[Date "2014.01.19"]
[Round "5.7"]
[White "Saveljev, Juri"]
[Black "Soergel, Thomas"]
[Result "1/2-1/2"]
[WhiteElo "1763"]
[BlackElo "2033"]
[PlyCount "55"]
[EventDate "2013.10.13"]
[EventType "team-tourn"]
[EventRounds "9"]
[EventCountry "GER"]
[SourceTitle "EXT 2015"]
[Source "ChessBase"]
[SourceDate "2014.11.20"]
[SourceVersion "1"]
[SourceVersionDate "2014.11.20"]
[SourceQuality "1"]
[WhiteTeam "Tegernsee"]
[BlackTeam "Graefelfing"]
[WhiteTeamCountry "GER"]
[BlackTeamCountry "GER"]

1. e4 e6 2. d4 d5 3. exd5 exd5 4. Bd3 Bd6 5. Ne2 Nf6 6. Bf4 Be6 7. c3 0-0 8. Qc2 Bxf4 9. Nxf4 Qd6 10. g3 Bg4 11. 0-0 g5 12. Ng2 Kh8 13. Nd2 Nbd7 14. Ne3 Bh3 15. Nf5 Bxf5 16. Bxf5 Rg8 17. Rae1 Nf8 18. Re3 Re8 19. Rfe1 Ng6 20. Rxe8 Rxe8 21. Rxe8+ Nxe8 22. Nf3 h6 23. Bxg6 Qxg6 24. Qxg6 fxg6 25. Ne5 Kg7 26. f3 Nd6 27. Kf2 h5 28. h3 1/2-1/2

[Event "Regionalliga SO 1314"]
[Site "Bayern"]
[Date "2013.12.15"]
[Round "4.6"]
[White "Saveljev, Juri"]
[Black "Angermaier, Georg"]
[Result "0-1"]
[WhiteElo "1763"]
[BlackElo "1997"]
[PlyCount "102"]
[EventDate "2013.10.13"]
[EventType "team-tourn"]
[EventRounds "9"]
[EventCountry "GER"]
[SourceTitle "EXT 2015"]
[Source "ChessBase"]
[SourceDate "2014.11.20"]
[SourceVersion "1"]
[SourceVersionDate "2014.11.20"]
[SourceQuality "1"]
[WhiteTeam "Tegernsee"]
[BlackTeam "Bruckmuehl"]
[WhiteTeamCountry "GER"]
[BlackTeamCountry "GER"]

1. e4 c5 2. Nf3 Nc6 3. d4 cxd4 4. Nxd4 d6 5. Nc3 Bd7 6. Be3 Nf6 7. Be2 g6 8. 0-0 Bg7 9. f4 0-0 10. f5 Nxd4 11. Bxd4 Bc6 12. fxg6 hxg6 13. Bf3 Nd7 14. Bxg7 Kxg7 15. Kh1 Qb6 16. Rb1 Ne5 17. Nd5 Bxd5 18. exd5 Rh8 19. b3 Qe3 20. Qe1 Qxe1 21. Rbxe1 b5 22. Be2 Rhc8 23. c4 bxc4 24. bxc4 Rab8 25. Rb1 Rxb1 26. Rxb1 Nxc4 27. Rc1 Nb6 28. Rc6 Kf6 29. Ba6 Rxc6 30. dxc6 Nd5 31. Kg1 Nc7 32. Be2 d5 33. h4 Ke5 34. g4 f5 35. h5 gxh5 36. gxh5 Kf6 37. Kf2 e5 38. Ke3 Ke6 39. Bd1 Ne8 40. Ba4 Nc7 41. Bb3 f4+ 42. Kf2 Kf5 43. Bd1 Kg5 44. a4 e4 45. a5 f3 46. Bxf3 exf3 47. Kxf3 Ne6 48. Ke3 Kxh5 49. Kd3 Kg5 50. Kc3 Kf5 51. Kb4 Nc7 0-1

[Event "Landesliga Sued 1011"]
[Site "Bayern"]
[Date "2011.02.27"]
[Round "7.5"]
[White "Saveljev, Juri"]
[Black "Lochte, Thomas"]
[Result "0-1"]
[WhiteElo "1743"]
[BlackElo "2142"]
[PlyCount "72"]
[EventDate "2010.10.10"]
[EventType "team-tourn"]
[EventRounds "9"]
[EventCountry "GER"]
[SourceTitle "EXT 2012"]
[Source "ChessBase"]
[SourceDate "2011.11.24"]
[SourceVersion "1"]
[SourceVersionDate "2011.11.24"]
[SourceQuality "1"]
[WhiteTeam "Tegernsee"]
[BlackTeam "Weilheim"]
[WhiteTeamCountry "GER"]
[BlackTeamCountry "GER"]

1. e4 e5 2. Nf3 Nc6 3. d4 exd4 4. Nxd4 Nf6 5. Nxc6 bxc6 6. Bd3 d5 7. exd5 cxd5 8. Bb5+ Bd7 9. Bxd7+ Qxd7 10. 0-0 Be7 11. Re1 0-0 12. Bf4 Rab8 13. b3 Rfe8 14. c3 Bc5 15. Rxe8+ Rxe8 16. Nd2 Qf5 17. Qf3 c6 18. b4 Bb6 19. h3 Ne4 20. Nxe4 Rxe4 21. Bg3 Qxf3 22. gxf3 Rc4 23. Be5 f6 24. Bd4 Bxd4 25. cxd4 Kf7 26. a3 Rxd4 27. Rc1 Rc4 28. Re1 Rc3 29. Re3 d4 30. Re4 d3 31. Rd4 Rxa3 32. Kg2 Ke6 33. Kg3 Rc3 34. h4 h5 35. Kf4 d2 36. Rxd2 Rc4+ 0-1